2024 MLB Leaders - Statistics

General Stats
  • This quiz has been taken 16 times
  • The average score is 34 of 65
Answer Stats
Category Statistic Team Position Player % Correct
Hitting Home Runs (58) NYY OF Aaron Judge
100%
Hitting Runs Batted In (144) NYY OF Aaron Judge
100%
Hitting Walks (133) NYY OF Aaron Judge
100%
Hitting On-Base Percentage (.458) NYY OF Aaron Judge
100%
Hitting Slugging Percentage (.701) NYY OF Aaron Judge
100%
Hitting On-Base + Slugging (1.159) NYY OF Aaron Judge
100%
Hitting Runs (134) LAD DH Shohei Ohtani
93%
Hitting Games Played (162) NYM 1B Pete Alonso
87%
Hitting Hits (211) KC SS Bobby Witt Jr.
80%
Hitting Batting Average (.332) KC SS Bobby Witt Jr.
80%
Hitting Batting Strikeouts (218) CIN SS Elly De La Cruz
80%
Hitting Stolen Bases (67) CIN SS Elly De La Cruz
80%
Hitting Caught Stealing (16) CIN SS Elly De La Cruz
80%
Hitting Games Played (162) ATL 1B Matt Olson
80%
Pitching Wins (18) DET SP Tarik Skubal
80%
Pitching Strikeouts (228) DET SP Tarik Skubal
80%
Pitching Wins (18) ATL SP Chris Sale
73%
Pitching Earned Run Average (2.38) ATL SP Chris Sale
73%
Hitting At-Bats (671) BOS OF Jarren Duran
73%
Hitting Doubles (48) BOS OF Jarren Duran
73%
Hitting Triples (14) BOS OF Jarren Duran
73%
Hitting Games Played (162) ATL DH Marcell Ozuna
73%
Hitting Triples (14) AZ OF Corbin Carroll
67%
Pitching Games Started (33) SF SP Logan Webb
67%
Pitching Shutouts (1) SF SP Logan Webb
67%
Pitching Games Started (33) PHI SP Aaron Nola
60%
Pitching Shutouts (1) PHI SP Aaron Nola
60%
Pitching Games Started (33) SEA SP George Kirby
53%
Pitching Complete Games (2) TOR SP Kevin Gausman
53%
Pitching Shutouts (1) TOR SP Kevin Gausman
53%
Pitching Games Started (33) KC SP Seth Lugo
53%
Pitching Games Started (33) SD SP Dylan Cease
47%
Pitching Shutouts (1) SD SP Dylan Cease
47%
Pitching Shutouts (1) PHI SP Ranger Suárez
47%
Pitching Complete Games (2) PHI SP Cristopher Sánchez
40%
Pitching Shutouts (1) PHI SP Cristopher Sánchez
40%
Pitching Games Started (33) SEA SP Logan Gilbert
40%
Pitching Innings Pitched (208.2) SEA SP Logan Gilbert
40%
Pitching Walks + Hits per Inning Pitched (0.89) SEA SP Logan Gilbert
40%
Pitching Walks (77) NYY SP Luis Gil
40%
Pitching Complete Games (2) ATL SP Max Fried
40%
Pitching Shutouts (1) ATL SP Max Fried
40%
Hitting Games Played (162) PHI OF Nick Castellanos
40%
Pitching Shutouts (1) SF SP Blake Snell
33%
Pitching Hits Allowed (208) WSH SP Patrick Corbin
33%
Pitching Runs Allowed (114) WSH SP Patrick Corbin
33%
Pitching Earned Runs Allowed (109) WSH SP Patrick Corbin
33%
Pitching Shutouts (1) HOU SP Ronel Blanco
33%
Pitching Batting Average Against (.190) HOU SP Ronel Blanco
33%
Pitching Saves (49) STL RP Ryan Helsley
33%
Pitching Save Opportunities (53) STL RP Ryan Helsley
33%
Pitching Hit Batters (19) CIN SP Hunter Greene
27%
Pitching Losses (16) BOS SP Kutter Crawford
27%
Pitching Games Started (33) BOS SP Kutter Crawford
27%
Pitching Home Runs Allowed (34) BOS SP Kutter Crawford
27%
Pitching Shutouts (1) BOS SP Tanner Houck
27%
Pitching Games Started (33) WSH SP Jake Irvin
20%
Hitting Caught Stealing (16) TB SS José Caballero
20%
Pitching Shutouts (1) DET SP Keider Montero
20%
Pitching Shutouts (1) NYM SP Luis Severino
20%
Pitching Shutouts (1) OAK SP Joey Estes
13%
Pitching Shutouts (1) PHI SP Tyler Phillips
13%
Pitching Shutouts (1) MIA SP Braxton Garrett
7%
Pitching Shutouts (1) LAD SP Gavin Stone
7%
Pitching Games (79) OAK RP T.J. McFarland
7%
No matching quizzes found
Score Distribution
Percent of People with Each Score
Percentile by Number Answered
Your Score History
You have not taken this quiz